书目信息 |
| 题名: |
佳能微单摄影入门
|
|
| 作者: | 雷波 编著 | |
| 分册: | ||
| 出版信息: | 北京 化学工业出版社 2021.2 |
|
| 页数: | 196页 | |
| 开本: | 21cm | |
| 丛书名: | ||
| 单 册: | ||
| 中图分类: | TB852.12 , J41 | |
| 科图分类: | ||
| 主题词: | 数字照相机--单镜头反光照相机--摄影技术 , 数字照相机--单镜头反光照相机 | |
| 电子资源: | ||
| ISBN: | 978-7-122-34164-8 | |
| 000 | 01120nam0 2200253 45 | |
| 001 | 012001002581 | |
| 005 | 20140914143844.0 | |
| 010 | @a978-7-122-34164-8@dCNY58.00 | |
| 100 | @a20190617d2019 em y0chiy50 ea | |
| 101 | 0 | @achi |
| 102 | @aCN@b110000 | |
| 105 | @aa z 000yy | |
| 106 | @ar | |
| 200 | 1 | @a佳能微单摄影入门@Ajia neng wei shan she ying ru men@b专著@f雷波编著 |
| 210 | @a北京@c化学工业出版社@d2021.2 | |
| 215 | @a196页@c图@d21cm | |
| 330 | @a本书重点讲解了佳能微单相机的功能设置及使用方法,以解决许多摄影爱好者虽然一直使用相机,但对许多实用功能缺乏了解的问题。本书对相机的每一个按钮以及绝大部分常用功能菜单进行了全面讲解,并对各类镜头、滤镜以及常用摄影附件的选择与使用方法进行了介绍。同时,书中还通过大量精美的实拍照片,深入剖析了使用佳能微单相机拍摄人像、风光、微距、动物、夜景等常见题材的技巧,以便让读者在掌握相机操作的基础上快速提高实拍技能。 | |
| 606 | 0 | @a数字照相机@x单镜头反光照相机@x摄影技术 |
| 606 | 0 | @a数字照相机@x单镜头反光照相机 |
| 690 | @aTB852.12@v5 | |
| 690 | @aJ41@v5 | |
| 701 | 0 | @a雷波@Alei bo@4编著 |
| 801 | 2 | @aCN@bBJSDL@c20211018 |
| 905 | @b1344442-5@dTB852.12@e177@f4 | |
| 佳能微单摄影入门/雷波编著.-北京:化学工业出版社,2021.2 |
| 196页:图;21cm |
| ISBN 978-7-122-34164-8:CNY58.00 |
| 本书重点讲解了佳能微单相机的功能设置及使用方法,以解决许多摄影爱好者虽然一直使用相机,但对许多实用功能缺乏了解的问题。本书对相机的每一个按钮以及绝大部分常用功能菜单进行了全面讲解,并对各类镜头、滤镜以及常用摄影附件的选择与使用方法进行了介绍。同时,书中还通过大量精美的实拍照片,深入剖析了使用佳能微单相机拍摄人像、风光、微距、动物、夜景等常见题材的技巧,以便让读者在掌握相机操作的基础上快速提高实拍技能。 |
| ● |
| 相关链接 |
|
|
|
|
正题名:佳能微单摄影入门
索取号:TB852.12/177
 
预约/预借
| 序号 | 登录号 | 条形码 | 馆藏地/架位号 | 状态 | 备注 |
| 1 | 1344442 | 213444423 | 第二样本阅览室/ [索取号:TB852.12/177] | 在馆 | |
| 2 | 1344443 | 213444432 | 第三借阅区/ [索取号:TB852.12/177] | 在馆 | |
| 3 | 1344444 | 213444441 | 第三借阅区/ [索取号:TB852.12/177] | 在馆 | |
| 4 | 1344445 | 213444450 | 第三借阅区/ [索取号:TB852.12/177] | 在馆 |